| 000 | 00507nam a22001817a 4500 | ||
|---|---|---|---|
| 003 | OSt | ||
| 005 | 20140310181754.0 | ||
| 008 | 130629t xxu||||| |||| 00| 0 eng d | ||
| 050 |
_aHQ 792 _b.G525 2001 |
||
| 082 |
_aFIL 362.709599 _bC83 2001 |
||
| 110 | _aUNICEF-Manila | ||
| 245 |
_aGirl-children have rights too! : _ban updated / _cUNICEF-Manila |
||
| 260 |
_aPhilippines : _bUNICEF-Manila, _cc2001. |
||
| 300 |
_a56 p. ; _bill. some col. ; _c28 cm. |
||
| 562 | _e1 | ||
| 942 |
_2lcc _cBK |
||
| 999 |
_c3378 _d3378 |
||